[Event "Hum na Sutli op 16th"]
[Site "Hum na Sutli"]
[Date "2024.08.23"]
[Round "8"]
[White "Duric, Leon"]
[Black "Pazlar, Marko"]
[Result "1-0"]
[WhiteElo "2068"]
[BlackElo "1997"]
[PlyCount "97"]
[EventDate "2024.08.17"]
[EventType "swiss"]
[EventRounds "9"]
[EventCountry "CRO"]
[SourceTitle "EXT 2025"]
[Source "ChessBase"]
[SourceDate "2024.10.14"]
[SourceVersion "1"]
[SourceVersionDate "2024.10.14"]
[SourceQuality "1"]

1. e4 e6 2. d4 d5 3. Nc3 dxe4 4. Nxe4 Nd7 5. Nf3 Ngf6 6. Bd3 Nxe4 7. Bxe4 Nf6 8. Bd3 c5 9. 0-0 cxd4 10. Nxd4 Be7 11. c3 0-0 12. Bf4 Bd7 13. Qf3 Qb6 14. a4 Bc6 15. Nxc6 Qxc6 16. Qxc6 bxc6 17. Ba6 Nd5 18. Bg3 Rad8 19. Rfd1 c5 20. Rd3 h5 21. h3 h4 22. Bh2 Bd6 23. Bxd6 Rxd6 24. Bc4 Rb6 25. b3 Nf6 26. Rad1 a5 27. f3 g6 28. Rd6 Rxd6 29. Rxd6 Nh5 30. Kf2 Ng3 31. Rd7 Rb8 32. Ke3 Kf8 33. Bb5 Kg7 34. Rc7 Rd8 35. Rxc5 Rd1 36. f4 Rb1 37. Bc4 Nf5+ 38. Kf3 Nd6 39. Rxa5 Nxc4 40. bxc4 Rb3 41. c5 Rxc3+ 42. Ke4 Kf6 43. Kd4 Rc2 44. Rb5 Ke7 45. Rb7+ Ke8 46. a5 Ra2 47. c6 Kd8 48. Kc5 Rxa5+ 49. Kb6 1-0

[Event "Hum na Sutli op 16th"]
[Site "Hum na Sutli"]
[Date "2024.08.22"]
[Round "7"]
[White "Vucenovic, Damian"]
[Black "Duric, Leon"]
[Result "1-0"]
[WhiteElo "2142"]
[BlackElo "2068"]
[PlyCount "115"]
[EventDate "2024.08.17"]
[EventType "swiss"]
[EventRounds "9"]
[EventCountry "CRO"]
[SourceTitle "EXT 2025"]
[Source "ChessBase"]
[SourceDate "2024.10.14"]
[SourceVersion "1"]
[SourceVersionDate "2024.10.14"]
[SourceQuality "1"]

1. e4 e5 2. Nf3 Nc6 3. Bc4 Bc5 4. c3 Nf6 5. d3 a6 6. Nbd2 d6 7. Nf1 0-0 8. Ng3 Be6 9. Bb3 d5 10. exd5 Bxd5 11. 0-0 Qd7 12. Bg5 Ne8 13. Re1 f6 14. Be3 Bxe3 15. fxe3 Bf7 16. d4 Nd6 17. e4 Bxb3 18. Qxb3+ Qf7 19. d5 Na5 20. Qc2 c6 21. Qa4 Qc7 22. Rad1 b5 23. Qc2 Rad8 24. a4 Nac4 25. b3 Nb6 26. a5 Nbc8 27. b4 Ne7 28. dxc6 Qxc6 29. Rd3 Nc4 30. Red1 Qc7 31. Ne1 Ng6 32. Rxd8 Rxd8 33. Rxd8+ Qxd8 34. Qd3 Qd6 35. Nf5 Qxd3 36. Nxd3 Nf4 37. Nxf4 exf4 38. Ne7+ Kf7 39. Nd5 Ke6 40. Nc7+ Kd7 41. Nxa6 Kc6 42. Kf2 g5 43. Nc5 Nxa5 44. bxa5 Kxc5 45. Kf3 Kc6 46. Kg4 Kb7 47. e5 fxe5 48. Kxg5 Ka6 49. Kf5 Kxa5 50. Kxe5 Ka4 51. Kd4 Kb3 52. Kd3 h5 53. h4 Kb2 54. c4 b4 55. c5 Ka2 56. c6 b3 57. c7 b2 58. c8Q 1-0

[Event "Krapina op 12th"]
[Site "Krapina"]
[Date "2024.01.21"]
[Round "6"]
[White "Kolednjak, Tomislav"]
[Black "Duric, Leon"]
[Result "1-0"]
[WhiteElo "2065"]
[BlackElo "1859"]
[PlyCount "45"]
[EventDate "2024.01.19"]
[EventType "swiss"]
[EventRounds "7"]
[EventCountry "CRO"]
[SourceTitle "CBM 218 Extra"]
[Source "ChessBase"]
[SourceDate "2024.03.31"]
[SourceVersion "1"]
[SourceVersionDate "2024.03.31"]
[SourceQuality "1"]

1. Nf3 f5 2. d3 Nf6 3. e4 fxe4 4. dxe4 Nxe4 5. Bd3 d5 6. Bxe4 dxe4 7. Qxd8+ Kxd8 8. Ng5 Ke8 9. Nc3 c6 10. Be3 Bf5 11. Ngxe4 Nd7 12. 0-0-0 g6 13. Rhe1 Bg7 14. Bd4 Bxd4 15. Rxd4 e5 16. Rd2 Ke7 17. f4 Rad8 18. fxe5 Nxe5 19. Rxd8 Kxd8 20. Nd6 Kd7 21. Nxf5 Re8 22. Ne3 Ng4 23. Rd1+ 1-0

[Event "Hvar Arsenal blitz op"]
[Site "Hvar"]
[Date "2022.10.11"]
[Round "4"]
[White "Duric, Leon"]
[Black "Bratosevic, Mladen"]
[Result "1-0"]
[WhiteElo "1632"]
[BlackElo "2006"]
[PlyCount "109"]
[EventDate "2022.10.11"]
[EventType "swiss (blitz)"]
[EventRounds "11"]
[EventCountry "CRO"]
[SourceTitle "CBM 210 Extra"]
[Source "ChessBase"]
[SourceDate "2022.11.30"]
[SourceVersion "1"]
[SourceVersionDate "2022.11.30"]
[SourceQuality "1"]

1. d4 d5 2. c4 c6 3. g3 Nf6 4. Bg2 e6 5. Nc3 Be7 6. Nf3 0-0 7. 0-0 b6 8. Nd2 Bb7 9. e4 dxe4 10. Ndxe4 Nbd7 11. b3 Nxe4 12. Nxe4 Nf6 13. Bb2 Nxe4 14. Bxe4 Bf6 15. Qd3 g6 16. Rfd1 Qc7 17. Qf3 Bg7 18. Rab1 Rab8 19. Ba3 Rfd8 20. d5 exd5 21. cxd5 cxd5 22. Bxd5 Bxd5 23. Rxd5 Rxd5 24. Qxd5 Qc2 25. Rc1 Qxa2 26. Rc7 Qa1+ 27. Kg2 Qf6 28. Bb2 Qf5 29. Qxf5 gxf5 30. Bxg7 Kxg7 31. Rxa7 Kg6 32. b4 Kf6 33. Kf3 Ke6 34. Kf4 Rc8 35. Kg5 Rc4 36. Ra4 b5 37. Ra6+ Ke5 38. Rh6 Rg4+ 39. Kh5 Rxb4 40. Rxh7 Rb2 41. f4+ Ke4 42. h4 b4 43. Rxf7 b3 44. Rb7 Kf3 45. Kg5 Kxg3 46. h5 Kf3 47. h6 Rg2+ 48. Kxf5 b2 49. h7 Rh2 50. Rxb2 Rxh7 51. Rb3+ Ke2 52. Ke6 Rh6+ 53. Ke5 Kd2 54. f5 Rh2 55. Rb2+ 1-0

[Event "Hvar Arsenal blitz op"]
[Site "Hvar"]
[Date "2022.10.11"]
[Round "6"]
[White "Duric, Leon"]
[Black "Fucak, Emilijo"]
[Result "0-1"]
[WhiteElo "1632"]
[BlackElo "2174"]
[PlyCount "134"]
[EventDate "2022.10.11"]
[EventType "swiss (blitz)"]
[EventRounds "11"]
[EventCountry "CRO"]
[SourceTitle "CBM 210 Extra"]
[Source "ChessBase"]
[SourceDate "2022.11.30"]
[SourceVersion "1"]
[SourceVersionDate "2022.11.30"]
[SourceQuality "1"]

1. d4 Nf6 2. c4 e6 3. g3 Bb4+ 4. Bd2 Qe7 5. a3 Bxd2+ 6. Qxd2 0-0 7. Bg2 d5 8. cxd5 exd5 9. Nc3 c6 10. Nf3 Nbd7 11. 0-0 Re8 12. Rfe1 Ne4 13. Nxe4 dxe4 14. Ng5 e3 15. Qxe3 Qxe3 16. fxe3 Rxe3 17. Kf2 Rb3 18. Rab1 Nf6 19. h3 h6 20. Ne4 Nxe4+ 21. Bxe4 Bxh3 22. d5 cxd5 23. Bxd5 Be6 24. Bxb3 Bxb3 25. Rbc1 Bd5 26. Red1 Bc6 27. Rd4 a5 28. Rcd1 Kh7 29. R1d3 a4 30. Rf4 Rf8 31. e4 g5 32. Rf6 Kg7 33. Rdd6 Bxe4 34. Rxh6 Rc8 35. Ke3 Bg6 36. Rh2 Re8+ 37. Kd4 Re4+ 38. Kc5 Rg4 39. Rg2 Be4 40. Rg1 Bc6 41. Rd4 Rxd4 42. Kxd4 Kf6 43. g4 Ke6 44. Re1+ Kd6 45. Rf1 Ke6 46. Rf5 f6 47. Ra5 Bf3 48. Rxa4 Bxg4 49. Kc5 Bf3 50. Kd4 f5 51. Ke3 Bc6 52. Ra5 f4+ 53. Kf2 Bd5 54. b4 g4 55. Rc5 g3+ 56. Kf1 Ke5 57. Rc3 Kd4 58. Rc1 f3 59. a4 Bc4+ 60. Kg1 f2+ 61. Kg2 f1Q+ 62. Rxf1 Bxf1+ 63. Kxf1 Kc4 64. b5 Kb4 65. Kg2 Kxa4 66. Kxg3 Kxb5 67. Kf3 Kc4 0-1

[Event "Hvar Arsenal blitz op"]
[Site "Hvar"]
[Date "2022.10.11"]
[Round "8"]
[White "Duric, Leon"]
[Black "Sevelj, Berislav"]
[Result "1-0"]
[WhiteElo "1632"]
[BlackElo "1719"]
[PlyCount "49"]
[EventDate "2022.10.11"]
[EventType "swiss (blitz)"]
[EventRounds "11"]
[EventCountry "CRO"]
[SourceTitle "CBM 210 Extra"]
[Source "ChessBase"]
[SourceDate "2022.11.30"]
[SourceVersion "1"]
[SourceVersionDate "2022.11.30"]
[SourceQuality "1"]

1. d4 d5 2. c4 e6 3. g3 Nf6 4. Bg2 Be7 5. Nf3 0-0 6. 0-0 b6 7. Qc2 Bb7 8. Bf4 Nbd7 9. Ne5 Rc8 10. Rc1 c6 11. Nd2 c5 12. Qd3 dxc4 13. Ndxc4 Bxg2 14. Kxg2 Nd5 15. Bd2 b5 16. Na5 c4 17. Qf3 Bd6 18. Nxd7 Qxd7 19. b3 cxb3 20. Nxb3 a6 21. e4 Nb6 22. Na5 Rxc1 23. Rb1 Rfc8 24. Rxc1 Be7 25. e5 1-0

[Event "Hvar Arsenal blitz op"]
[Site "Hvar"]
[Date "2022.10.11"]
[Round "5"]
[White "Simunic, Krunoslav"]
[Black "Duric, Leon"]
[Result "1-0"]
[WhiteElo "1916"]
[BlackElo "1632"]
[PlyCount "101"]
[EventDate "2022.10.11"]
[EventType "swiss (blitz)"]
[EventRounds "11"]
[EventCountry "CRO"]
[SourceTitle "CBM 210 Extra"]
[Source "ChessBase"]
[SourceDate "2022.11.30"]
[SourceVersion "1"]
[SourceVersionDate "2022.11.30"]
[SourceQuality "1"]

1. b3 d5 2. Bb2 c5 3. e3 Nc6 4. Nf3 Qc7 5. d4 cxd4 6. Nxd4 Nf6 7. c4 e6 8. Nb5 Bb4+ 9. Bc3 Qa5 10. Be2 Ne4 11. Qc2 a6 12. a3 Bxc3+ 13. N5xc3 Nxc3 14. Qxc3 Qxc3+ 15. Nxc3 d4 16. Ne4 0-0 17. 0-0 e5 18. b4 f5 19. Nd6 e4 20. exd4 Nxd4 21. Ra2 Be6 22. Rd1 Nxe2+ 23. Rxe2 Rfd8 24. c5 b6 25. Red2 bxc5 26. bxc5 Ra7 27. c6 Rc7 28. Rc1 Rb8 29. h3 Bd7 30. Rdc2 Be6 31. Rc5 Rb3 32. Nxf5 Bxf5 33. Rxf5 Rxa3 34. Re5 Ra4 35. Rd5 Kf8 36. Rd7 Rxd7 37. cxd7 Ke7 38. Rd1 Kd8 39. Kh2 Rb4 40. Kg3 Rb7 41. Rd6 a5 42. Ra6 Rb5 43. Ra7 Rd5 44. Kf4 Rxd7 45. Rxa5 Rd2 46. Ke3 Rb2 47. Ra7 g5 48. Rxh7 Ke8 49. Rg7 Rb3+ 50. Kxe4 Rb2 51. f3 1-0

[Event "Hvar Arsenal blitz op"]
[Site "Hvar"]
[Date "2022.10.11"]
[Round "10"]
[White "Tomljanovic, Ivano"]
[Black "Duric, Leon"]
[Result "0-1"]
[WhiteElo "1885"]
[BlackElo "1632"]
[PlyCount "64"]
[EventDate "2022.10.11"]
[EventType "swiss (blitz)"]
[EventRounds "11"]
[EventCountry "CRO"]
[SourceTitle "CBM 210 Extra"]
[Source "ChessBase"]
[SourceDate "2022.11.30"]
[SourceVersion "1"]
[SourceVersionDate "2022.11.30"]
[SourceQuality "1"]

1. d4 f5 2. g3 Nf6 3. Bg2 e6 4. Nf3 Be7 5. 0-0 0-0 6. c3 d6 7. Nbd2 Nbd7 8. Re1 Ne4 9. Nxe4 fxe4 10. Nd2 d5 11. Nf1 Nf6 12. f4 Bd7 13. Ne3 Be8 14. Bh3 Qd6 15. a4 a5 16. b3 b6 17. Ba3 c5 18. c4 Bf7 19. f5 Nh5 20. Bg2 Qc6 21. dxc5 Bxc5 22. Bxc5 Qxc5 23. Qd2 exf5 24. Kh1 d4 25. Nc2 Rad8 26. Rf1 Be6 27. Na3 d3 28. e3 Qb4 29. Qxb4 axb4 30. Nb5 Nf6 31. Rad1 Ng4 32. Kg1 Nxe3 0-1